Polska - nagła śmierć - Statystyki

Ogólne statystyki
  • Ten quiz został rozwiązany 269 razy
  • Średni wynik to 14 z 15
Answers on the Grid
Answers color-coded by a green-red scale on the quiz's grid according to % correct below.
Afryka
Audi
Azja
Bawaria
Berlin
Bieszczady
D. Trump
Dolary (waluta)
Euro (waluta)
Fiat 126 p
Jagielonia
Język Polski
Jude Bellingham
Kraków
Liga angielska
Londyn
Maria Skłodowska Curie
Milik
Mount Everest
Niemcy
Odra
Paryż
Polska
Rosół
Schabowy
Sushi
Tatry
Warszawa
Wisła
Złoty (waluta)
 
Statystyki odpowiedzi
Odpowiedź % Poprawnych
Bieszczady
97%
Polska
96%
Rosół
96%
Schabowy
96%
Jagielonia
95%
Język Polski
95%
Maria Skłodowska Curie
95%
Warszawa
95%
Wisła
95%
Złoty (waluta)
95%
Kraków
94%
Odra
94%
Fiat 126 p
93%
Milik
93%
Tatry
93%
Nie znaleziono quizów pasujących do podanych kryteriów
Rozkład punktacji
Procent ludzi z każdym wynikiem
Percentyl według liczby udzielonych odpowiedzi
Twoja historia wyników
Nie rozwiązałeś tego quizu